000 00678nam a2200289Ia 4500
005 20260324135521.0
008 008 260324s9999 xx 000 0 eng d
020 _a9780203165003
037 _aEBOOK
040 _aCRL
040 _beng
040 _cCRL
041 _2eng
041 _aeng
084 _qCRL
100 _aPhilip Towle
_91064927
245 0 _aDemocracy and Peace Making
245 0 _bNegotiations and Debates 1815-1973
260 _bTaylor and Francis
260 _c2000
365 _a
365 _b230
856 _uhttp://www.taylorfrancis.com/books/9780203165003
942 _cEBOOK
999 _c1802040
_d1802040